| 000 | 00648 a2200193 4500 | ||
|---|---|---|---|
| 003 | OSt | ||
| 005 | 20180116182903.0 | ||
| 008 | 160513b xxu||||| |||| 00| 0 eng d | ||
| 020 | _a8186104429 (unknown binding) | ||
| 020 | _a9788186104422 (unknown binding) | ||
| 040 | _c0 | ||
| 082 | _a658.4013 LES 1997 | ||
| 100 | _aRonnie Lessem | ||
| 245 | 0 | 0 |
_aHandbook of Total Quality Learning : _bbuilding a learning organization. _cRonnie Lessem |
| 260 |
_a[S.l.] : _bBeacon Books, _c1997. |
||
| 300 | _a1 v. (unpaged) | ||
| 856 | 4 | 0 |
_3Amazon.com _uhttp://www.amazon.com/exec/obidos/ASIN/8186104429/chopaconline-20 |
| 942 |
_aNBS _cBK _k658.4013 LES _2ddc |
||
| 999 |
_c347836 _d347836 |
||